Statistiken für Länder, die mit A beginnen

Klicken Sie hier um das Quiz zu spielen!

Allgemein

  • Dieses Quiz wurde 27.657 mal gespielt
  • Das Durchschnittsergebnis liegt bei 10 aus 13

Antwortstatistiken

Land% Korrekt
Armenien
87%
Andorra
86%
Australien
85%
Aserbaidschan
84%
Albanien
83%
Angola
80%
Argentinien
80%
Algerien
79%
Afghanistan
75%
Ägypten
70%
Antigua und Barbuda
63%
Äthiopien
63%
Äquatorial-Guinea
47%

Verteilung der Resultate

Perzentil nach korrekt beantworteten Fragen

Anzahl Personen mit jedem Resultat

Ihre Resultats-Entwicklung

Sie haben dieses Quiz noch nicht gespielt